| 000 | 01435nam a2200277 a 4500 | ||
|---|---|---|---|
| 003 | DO-SdBNP | ||
| 005 | 20220916094138.0 | ||
| 007 | ta | ||
| 008 | 220914e1997 dr ad||frf|||s001 0 spa d | ||
| 040 |
_aDO-SdBNP _bspa _cBNPHU |
||
| 082 | 4 |
_222 _bR426m |
|
| 110 | 1 |
_958697 _aRepública Dominicana. _bEjercito Nacional |
|
| 245 | 1 | 0 |
_aManual de funciones y procedimientos para el uso de los recurso del Estado en el Ejército Nacional. / _cPresentación, Andrés R. Apolina Disla |
| 300 |
_a196 p. : _bil., gráf. : _c27 cm. |
||
| 490 | _aColección de Publicaciones de la Jefatura de Estado Mayor del Ejército Nacional. | ||
| 500 | _aLa Biblioteca posee el v. 7 | ||
| 505 |
_av. VII. _gSegunda Parte. _tBreve Comentarios sobre términos presupuestarios.-- _gTercera Parte. _tManejo de los recursos del Estado en el Ejército Nacional.-- _gCuarta parte. _tFunciones de los Departamentos de Asesoría y servicios de Apoyo a los Comandos.-- _gQuinta parte. _tFunciones de los Departamentos Operativos.-- _tApéndice. |
||
| 590 | _aInventariado 2022 / MF | ||
| 650 | 4 |
_914305 _aEjército Nacional _xManuales _zRepública Dominicana |
|
| 650 | 4 |
_98439 _aProcedimiento Administrativo _zRepública Dominicana |
|
| 650 | 4 |
_917764 _aFunción Pública _zRepública Dominicana |
|
| 651 | 4 |
_945841 _aRepública Dominicana _vManuales _xEjército Nacional |
|
| 700 | 2 |
_aApolinar Disla, Andrés R. _epresent. _982362 |
|
| 910 | _aMFeliz | ||
| 942 |
_2ddc _cLBS1 |
||
| 999 |
_c52396 _d52396 |
||